| 000 | 02247nam a2200613 i 4500 | ||
|---|---|---|---|
| 001 | 991053169029005066 | ||
| 003 | NyNyJPI | ||
| 005 | 20260413150152.0 | ||
| 008 | 260210s2025 pl ceho |001 0apol c | ||
| 009 | b1000007654733 | ||
| 015 | _aUWD 2026/5544 | ||
| 020 |
_a9788396440983 _q(oprawa miękka) |
||
| 035 | _a(PL)b1000007654733 | ||
| 035 | _a(EXLNZ-48OMNIS_NETWORK)9915321645705606 | ||
| 040 |
_aWA N _cWA N _dWA N _dKR U _dWA N _dWA M _dWA N _dLUBL KUL _dWR U |
||
| 045 | 2 |
_bd1923 _bd2020 |
|
| 046 | _k2025 | ||
| 080 |
_81.1\x _a94(438).082.218 |
||
| 080 |
_81.2\x _a929-051(438)"19" |
||
| 084 | _a10 | ||
| 100 | 1 |
_aGancarczyk, Barbara _d(1923- ) _eAutor |
|
| 245 | 1 | 0 |
_aWspomnienia sanitariuszki z powstania warszawskiego / _cBarbara Gancarczyk ; opracowanie: Jacek Gancarson, Wojciech Gancarczyk. |
| 260 |
_aWarszawa : _bArchiwa Państwowe. Archiwum Akt Nowych, _c2025. |
||
| 300 |
_a187 stron : _bfaksymilia, fotografie, plany, portrety ; _c23 cm. |
||
| 336 |
_aTekst _btxt _2rdacontent |
||
| 337 |
_aBez urządzenia pośredniczącego _bn _2rdamedia |
||
| 338 |
_aWolumin _bnc _2rdacarrier |
||
| 380 | _aKsiążki | ||
| 380 | _aLiteratura faktu, eseje, publicystyka | ||
| 386 |
_mPrzynależność kulturowa _aLiteratura polska |
||
| 388 | 1 | _a2001- | |
| 504 | _aIndeks. | ||
| 600 | 1 | 7 |
_aGancarczyk, Barbara _d(1923- ) _2DBN |
| 600 | 1 | 0 | _aGancarczyk, Barbara |
| 610 | 2 | 7 |
_aBatalion "Wigry" (Armia Krajowa) _2DBN |
| 648 | 7 |
_a1901-2000 _2DBN |
|
| 648 | 7 |
_a2001- _2DBN |
|
| 650 | 7 |
_aObozy pracy _2DBN |
|
| 650 | 7 |
_aPowstanie warszawskie (1944) _2DBN |
|
| 650 | 7 |
_aPowstańcy warszawscy _2DBN |
|
| 650 | 7 |
_aSanitariuszki i sanitariusze _2DBN |
|
| 651 | 7 |
_aNiemcy _2DBN |
|
| 651 | 7 |
_aStare Miasto (Warszawa ; część miasta) _2DBN |
|
| 651 | 7 |
_aWarszawa (woj. mazowieckie) _2DBN |
|
| 651 | 7 |
_aWrocław (woj. dolnośląskie) _2DBN |
|
| 651 | 0 |
_aWarsaw (Poland) _xHistory _yUprising, 1944 _xMedical care. |
|
| 651 | 0 |
_aWarsaw (Poland) _xHistory _yUprising, 1944 _vPersonal narratives. |
|
| 655 | 7 |
_aPamiętniki i wspomnienia _2DBN |
|
| 658 | _aHistoria | ||
| 700 | 1 |
_aGancarson, Jacek _eOpracowanie |
|
| 700 | 1 |
_aGancarczyk, Wojciech _eOpracowanie |
|
| 710 | 2 |
_aArchiwum Akt Nowych _eWydawca _4pbl |
|
| 942 |
_2z _cBK _n0 |
||
| 999 |
_c91099 _d91099 |
||